000 00599cam a22001932a 4500
001 013517
003 AR-FADEU
008 311216n1967####xxu####################dd
092 _a930.182
_bZ61
100 _aZetti, Jorge
245 _aNoticia sobre una breve expedición arqueológica a la zona de Lihuel Calel (provincia de La Pampa) y observaciones complementarias
260 _aBahía Blanca
260 _bUniversidad Nacional del Sur
260 _c1967
300 _a30 p. : ilus, lám.
440 _aCuadernos del Sur
650 _aARQUEOLOGIA-LA PAMPA; LIHUEL CALEL
942 _cBDGR
999 _c19284
_d19284